MARC details
| 000 -CABECERA |
| campo de control de longitud fija |
01166nam a2200277 a 4500 |
| 001 - NÚMERO DE CONTROL |
| campo de control |
000025678 |
| 005 - FECHA Y HORA DE LA ÚLTIMA TRANSACCIÓN |
| campo de control |
20200930023951.0 |
| 008 - DATOS DE LONGITUD FIJA--INFORMACIÓN GENERAL |
| campo de control de longitud fija |
110221s2012 dr 000 0 spa d |
| 040 ## - FUENTE DE LA CATALOGACIÓN |
| Centro catalogador/agencia de origen |
DO-SdBNP |
| Lengua de catalogación |
spa |
| Centro/agencia transcriptor |
BNPHU |
| 082 ## - NÚMERO DE LA CLASIFICACIÓN DECIMAL DEWEY |
| Número de clasificación |
230 |
| Número de documento/Ítem |
M671i |
| 100 1# - ENTRADA PRINCIPAL--NOMBRE DE PERSONA |
| Nombre de persona |
Mirabal, Yoselman Rodwin, |
| Fechas asociadas al nombre |
1969- |
| 9 (RLIN) |
52438 |
| 245 10 - MENCIÓN DE TÍTULO |
| Título |
Introducción al cristianismo / |
| Mención de responsabilidad, etc. |
Yoselman Rodwin Mirabal, Felipe Rincón Vásquez ; prólogo Félix Miguel Ureña. |
| 260 ## - PUBLICACIÓN, DISTRIBUCIÓN, ETC. |
| Lugar de publicación, distribución, etc. |
Santo Domingo Oeste, República Dominicana : |
| Nombre del editor, distribuidor, etc. |
UNEV, |
| Fecha de publicación, distribución, etc. |
2012. |
| 300 ## - DESCRIPCIÓN FÍSICA |
| Extensión |
156 p. ; |
| Dimensiones |
24 cm. |
| 500 ## - NOTA GENERAL |
| Nota general |
Incluye datos biográficos de los autores en la solapa de la cubierta. |
| 504 ## - NOTA DE BIBLIOGRAFÍA, ETC. |
| Nota de bibliografía, etc. |
Bibliografía : p. 129-130. |
| 500 ## - NOTA GENERAL |
| Nota general |
La biblioteca posee 3 ejemplares autografiados por el autor. |
| 590 ## - NOTA LOCAL (RLIN) |
| Nota local |
Inventariado, 2018/BT |
| 650 #4 - PUNTO DE ACCESO ADICIONAL DE MATERIA--TÉRMINO DE MATERIA |
| Término de materia o nombre geográfico como elemento de entrada |
Cristianismo |
| Subdivisión general |
Enseñanza |
| 9 (RLIN) |
52439 |
| 650 #4 - PUNTO DE ACCESO ADICIONAL DE MATERIA--TÉRMINO DE MATERIA |
| Término de materia o nombre geográfico como elemento de entrada |
Cristianismo |
| Subdivisión general |
Libros de textos |
| 9 (RLIN) |
52440 |
| 650 #4 - PUNTO DE ACCESO ADICIONAL DE MATERIA--TÉRMINO DE MATERIA |
| Término de materia o nombre geográfico como elemento de entrada |
Evangelicalismo |
| 9 (RLIN) |
475 |
| 700 12 - PUNTO DE ACCESO ADICIONAL--NOMBRE DE PERSONA |
| Nombre de persona |
Rincón Vásquez, Felipe, |
| Fechas asociadas al nombre |
1958- |
| 9 (RLIN) |
52441 |
| 700 12 - PUNTO DE ACCESO ADICIONAL--NOMBRE DE PERSONA |
| Nombre de persona |
Ureña, Félix Miguel, |
| Término indicativo de función/relación |
prol. |
| 9 (RLIN) |
52442 |
| 710 22 - PUNTO DE ACCESO ADICIONAL--NOMBRE DE ENTIDAD CORPORATIVA |
| Nombre de entidad corporativa o nombre de jurisdicción como elemento de entrada |
Universidad Nacional Evangélica |
| Unidad subordinada |
Facultad de Humanidades. |
| -- |
Escuela de Teología |
| 9 (RLIN) |
52443 |
| 910 ## - DATOS DE OPCIÓN DEL USUARIO (OCLC) |
| Datos de opción del usuario |
Validado. Control de calidad. EMS |